000 00765nam a2200253Ia 4500
003 OSt
005 20221005062101.0
006 a|||||r|||| 00| 0
007 ta
008 221004b |||||||| |||| 00| 0 eng d
020 _a9780415573788 (hbk)
_c12080.4
024 _a9811
037 _b7187, 25/03/2014, Efficient Book Distributors
_cTextual
040 _aCRL
_cCRL
_beng
041 _2eng
_aeng
082 _aV6.P1, Q3
100 _aCheeseman Nic Ed.
_930364
245 0 _aRoutledge handbook of African politics
260 _aLondon
_bRoutledge UK
_c2013
300 _axx,437p.
_ccm.
650 _aHISTORY
942 _hV6.P1, Q3
_cTEXL
_2cc
999 _c969175
_d969175